[Event "Langenhagen-ch op 17th"]
[Site "Langenhagen"]
[Date "2014.07.19"]
[Round "3"]
[White "Czada, Roland"]
[Black "Lick, Helmut"]
[Result "1-0"]
[WhiteElo "1729"]
[BlackElo "1335"]
[PlyCount "63"]
[EventDate "2014.06.14"]
[EventType "swiss"]
[EventRounds "7"]
[EventCountry "GER"]
[SourceTitle "EXT 2021"]
[Source "ChessBase"]
[SourceDate "2020.10.23"]
[SourceVersion "1"]
[SourceVersionDate "2020.10.23"]
[SourceQuality "1"]

1. b4 e5 2. Bb2 d6 3. c4 Be6 4. e3 Be7 5. Nf3 Bf6 6. Qc2 Ne7 7. Be2 0-0 8. 0-0 Ng6 9. Nc3 Nc6 10. b5 Nce7 11. Ne4 Bf5 12. Nxf6+ gxf6 13. e4 Bg4 14. d4 Bxf3 15. Bxf3 exd4 16. Bxd4 Ne5 17. Bh5 N7g6 18. f4 Nd7 19. Qc3 Kh8 20. Rae1 Qe7 21. Qh3 Rg8 22. Bg4 Ngf8 23. Bf5 Rg7 24. Rf3 Rd8 25. Ree3 Ng6 26. Qh6 Ndf8 27. Rg3 Kg8 28. Bh3 Ne6 29. Bxe6 fxe6 30. f5 exf5 31. exf5 Ne5 32. Bxe5 1-0

[Event "Langenhagen-ch op 17th"]
[Site "Langenhagen"]
[Date "2014.06.28"]
[Round "2"]
[White "Sanasi, Marcello"]
[Black "Czada, Roland"]
[Result "1-0"]
[WhiteElo "1538"]
[BlackElo "1729"]
[PlyCount "85"]
[EventDate "2014.06.14"]
[EventType "swiss"]
[EventRounds "7"]
[EventCountry "GER"]
[SourceTitle "EXT 2021"]
[Source "ChessBase"]
[SourceDate "2020.10.23"]
[SourceVersion "1"]
[SourceVersionDate "2020.10.23"]
[SourceQuality "1"]

1. d4 e6 2. Nf3 Nf6 3. Bf4 b6 4. e3 Bb7 5. Bd3 Be7 6. Nbd2 0-0 7. h3 d6 8. 0-0 Nbd7 9. a4 a5 10. c3 Re8 11. Qe2 Bf8 12. Bg5 e5 13. Bxh7+ Kxh7 14. Nh4 g6 15. f4 exd4 16. cxd4 Bh6 17. Ndf3 Qe7 18. Rae1 Ba6 19. Qc2 Bxf1 20. Kxf1 Qe4 21. Qc4 d5 22. Qc6 Qd3+ 23. Kg1 Kg7 24. Ne5 Qd2 25. Nhf3 Qxb2 26. Nxd7 Ne4 27. Bf6+ Kg8 28. Bh4 Bg7 29. Nde5 Nf6 30. Qxc7 Rf8 31. Bxf6 Bxf6 32. Nd7 Bd8 33. Qb7 Bh4 34. Nxh4 Rfc8 35. Ne5 Rf8 36. Qxd5 Rac8 37. Nhxg6 Rc1 38. Rxc1 Qxc1+ 39. Kh2 Qxe3 40. Ng4 Qd2 41. Ne7+ Kh7 42. Qh5+ Kg7 43. Qh6# 1-0

[Event "Langenhagen-ch op 17th"]
[Site "Langenhagen"]
[Date "2014.06.14"]
[Round "1"]
[White "Czada, Roland"]
[Black "Zweigait, Bjoern"]
[Result "0-1"]
[WhiteElo "1729"]
[BlackElo "1475"]
[PlyCount "82"]
[EventDate "2014.06.14"]
[EventType "swiss"]
[EventRounds "7"]
[EventCountry "GER"]
[SourceTitle "EXT 2021"]
[Source "ChessBase"]
[SourceDate "2020.10.23"]
[SourceVersion "1"]
[SourceVersionDate "2020.10.23"]
[SourceQuality "1"]

1. b4 d5 2. Bb2 Bf5 3. e3 e6 4. c4 Nf6 5. b5 Bb4 6. Nf3 Nbd7 7. Qb3 Bd6 8. d4 c6 9. c5 Bc7 10. a4 Ne4 11. Be2 0-0 12. 0-0 Ng5 13. Nbd2 Qf6 14. Ba3 Qe7 15. bxc6 Nxf3+ 16. Nxf3 bxc6 17. Qb7 Rfc8 18. g3 Bd8 19. Ba6 g5 20. Ra2 g4 21. Nh4 Be4 22. f3 gxf3 23. Nxf3 f5 24. Rb2 Qe8 25. Qxc8 Rxc8 26. Bxc8 Bf6 27. Bxd7 Qxd7 28. a5 Qc8 29. Bb4 Qa6 30. Ne1 Bd8 31. Rff2 Bg5 32. Rfe2 Bd3 33. Nxd3 Qxd3 34. Kf2 h5 35. Be1 h4 36. Rb8+ Kf7 37. Rb7+ Kf6 38. Rxa7 h3 39. Rh7 f4 40. Rxh3 fxe3+ 41. Kf3 Qe4# 0-1

[Event "Langenhagen-ch op"]
[Site "Langenhagen"]
[Date "2013.09.28"]
[Round "6"]
[White "Czada, Roland"]
[Black "Herrmann, Andreas"]
[Result "0-1"]
[WhiteElo "1731"]
[BlackElo "2104"]
[PlyCount "108"]
[EventDate "2013.06.22"]
[EventType "swiss"]
[EventRounds "7"]
[EventCountry "GER"]
[SourceTitle "EXT 2021"]
[Source "ChessBase"]
[SourceDate "2020.10.23"]
[SourceVersion "1"]
[SourceVersionDate "2020.10.23"]
[SourceQuality "1"]

1. b4 a5 2. b5 d5 3. e3 c5 4. Bb2 Bf5 5. c4 e6 6. Nf3 Nf6 7. Be2 Nbd7 8. 0-0 dxc4 9. Bxc4 Nb6 10. Be2 Be7 11. d4 0-0 12. Nbd2 Nbd5 13. dxc5 Bxc5 14. Nb3 Be7 15. Nbd4 Bg6 16. Ne5 Rc8 17. Nxg6 hxg6 18. Qb3 Ne4 19. Rfd1 Bd6 20. Bf3 Nc5 21. Qc4 Nb4 22. Qf1 Qc7 23. g3 Rfd8 24. a3 Na4 25. axb4 Nxb2 26. Rdc1 Qe7 27. bxa5 e5 28. Nb3 e4 29. Be2 Be5 30. a6 b6 31. Rxc8 Rxc8 32. Rc1 Rd8 33. Rc6 Qb4 34. Nd4 Bxd4 35. exd4 Qxd4 36. Qc1 Nd3 37. Qe3 Qa1+ 38. Kg2 Ne1+ 39. Kh3 Nf3 40. Bxf3 exf3 41. Qxf3 Qf1+ 42. Kh4 g5+ 43. Kh5 Qxb5 44. a7 g4+ 45. Kxg4 Qa4+ 46. Kh3 Qxa7 47. Qc3 b5 48. f4 b4 49. Rc7 Qb6 50. Qc4 Qh6+ 51. Kg4 Qg6+ 52. Kh3 Qh5+ 53. Kg2 Rd2+ 54. Kg1 Qxh2+ 0-1

[Event "Langenhagen-ch op"]
[Site "Langenhagen"]
[Date "2013.09.21"]
[Round "5"]
[White "Czada, Roland"]
[Black "Braun, Alexander"]
[Result "1/2-1/2"]
[WhiteElo "1731"]
[BlackElo "1674"]
[PlyCount "40"]
[EventDate "2013.06.22"]
[EventType "swiss"]
[EventRounds "7"]
[EventCountry "GER"]
[SourceTitle "EXT 2021"]
[Source "ChessBase"]
[SourceDate "2020.10.23"]
[SourceVersion "1"]
[SourceVersionDate "2020.10.23"]
[SourceQuality "1"]

1. b4 Nf6 2. Bb2 g6 3. c4 Bg7 4. Nc3 b6 5. Nf3 Bb7 6. e3 d6 7. Be2 Nbd7 8. 0-0 0-0 9. d4 c5 10. dxc5 bxc5 11. b5 Ne4 12. Qb3 Nxc3 13. Bxc3 Nf6 14. Qb2 Qd7 15. Rfd1 Qg4 16. Ne1 Qh4 17. h3 Ne4 18. Bxg7 Qxf2+ 19. Kh2 Qg3+ 20. Kg1 Qf2+ 1/2-1/2

[Event "Langenhagen-ch op"]
[Site "Langenhagen"]
[Date "2013.06.22"]
[Round "1"]
[White "Czada, Roland"]
[Black "Lick, Helmut"]
[Result "1-0"]
[WhiteElo "1731"]
[BlackElo "1424"]
[PlyCount "69"]
[EventDate "2013.06.22"]
[EventType "swiss"]
[EventRounds "7"]
[EventCountry "GER"]
[SourceTitle "EXT 2021"]
[Source "ChessBase"]
[SourceDate "2020.10.23"]
[SourceVersion "1"]
[SourceVersionDate "2020.10.23"]
[SourceQuality "1"]

1. b4 d5 2. Bb2 Nf6 3. e3 e6 4. b5 Be7 5. c4 0-0 6. Nf3 Nbd7 7. Be2 dxc4 8. Bxc4 Nb6 9. Be2 Ne4 10. Qc2 Nc5 11. Nc3 Nbd7 12. d4 Bf6 13. dxc5 Nxc5 14. 0-0 Bd7 15. a4 Qe7 16. Ba3 b6 17. Rac1 Bxc3 18. Qxc3 Rfc8 19. Bxc5 bxc5 20. Qxc5 Kf8 21. Ne5 Be8 22. Qxe7+ Kxe7 23. Bf3 Rab8 24. Bc6 f6 25. Bxe8 fxe5 26. Bc6 Rd8 27. Rfd1 Rd6 28. Kf1 Rbd8 29. Ke2 h5 30. Bf3 Rxd1 31. Rxd1 Rxd1 32. Kxd1 g6 33. Kc2 Kd6 34. Kc3 Kc5 35. h4 1-0

[Event "Langenhagen-ch op"]
[Site "Langenhagen"]
[Date "2012.09.30"]
[Round "7"]
[White "Kiesel, Lucas"]
[Black "Czada, Roland"]
[Result "0-1"]
[WhiteElo "1290"]
[BlackElo "1733"]
[PlyCount "56"]
[EventDate "2012.06.23"]
[EventType "swiss"]
[EventRounds "7"]
[EventCountry "GER"]
[SourceTitle "EXT 2021"]
[Source "ChessBase"]
[SourceDate "2020.10.23"]
[SourceVersion "1"]
[SourceVersionDate "2020.10.23"]
[SourceQuality "1"]

1. Nf3 b5 2. g3 Bb7 3. Bg2 c5 4. 0-0 Nc6 5. e4 e6 6. d4 cxd4 7. Nxd4 Qb6 8. Be3 Bc5 9. Nxc6 Bxe3 10. Ne5 Bd4 11. Nxd7 Kxd7 12. c3 Nf6 13. e5 Bxg2 14. Kxg2 Nd5 15. Qxd4 Qxd4 16. cxd4 Rac8 17. b3 Rc2 18. Na3 Rd2 19. Nxb5 Ne3+ 20. Kg1 Nxf1 21. Kxf1 Rc8 22. Nxa7 Rcc2 23. f4 Rxh2 24. Kg1 Rhg2+ 25. Kf1 Rcf2+ 26. Ke1 Rh2 27. Nb5 Rb2 28. Rc1 Rh1# 0-1

[Event "Langenhagen-ch op"]
[Site "Langenhagen"]
[Date "2012.09.15"]
[Round "5"]
[White "Herrmann, Andreas"]
[Black "Czada, Roland"]
[Result "1-0"]
[WhiteElo "2064"]
[BlackElo "1733"]
[PlyCount "72"]
[EventDate "2012.06.23"]
[EventType "swiss"]
[EventRounds "7"]
[EventCountry "GER"]
[SourceTitle "EXT 2021"]
[Source "ChessBase"]
[SourceDate "2020.10.23"]
[SourceVersion "1"]
[SourceVersionDate "2020.10.23"]
[SourceQuality "1"]

1. d4 e6 2. Nf3 Nf6 3. Bf4 b6 4. e3 Bb7 5. Nbd2 Be7 6. h3 0-0 7. Bd3 d6 8. 0-0 Nbd7 9. a4 a5 10. Bh2 Re8 11. Qe2 Bf8 12. Rfd1 e5 13. dxe5 Nxe5 14. Nxe5 dxe5 15. Nc4 Kh8 16. Be4 Nxe4 17. Rxd8 Raxd8 18. f3 Nc5 19. Nxe5 Ba6 20. Qe1 Kg8 21. b4 axb4 22. Nc6 Rd7 23. Nxb4 Bb7 24. Bg3 Ne6 25. Nd3 Nd4 26. Qf2 Nf5 27. Bf4 Be7 28. a5 Bf6 29. Rb1 Rde7 30. axb6 cxb6 31. Rxb6 Bc8 32. Rxf6 gxf6 33. e4 Ng7 34. Bh6 f5 35. e5 f4 36. Nxf4 Bf5 1-0

[Event "Langenhagen-ch op"]
[Site "Langenhagen"]
[Date "2012.07.21"]
[Round "3"]
[White "Czada, Roland"]
[Black "Glaschak, Joachim"]
[Result "1-0"]
[WhiteElo "1733"]
[BlackElo "1252"]
[PlyCount "57"]
[EventDate "2012.06.23"]
[EventType "swiss"]
[EventRounds "7"]
[EventCountry "GER"]
[SourceTitle "EXT 2021"]
[Source "ChessBase"]
[SourceDate "2020.10.23"]
[SourceVersion "1"]
[SourceVersionDate "2020.10.23"]
[SourceQuality "1"]

1. b4 d5 2. Bb2 e6 3. e3 Nf6 4. b5 c6 5. a4 Be7 6. c4 Nbd7 7. Nf3 0-0 8. Be2 dxc4 9. Bxc4 cxb5 10. axb5 Nc5 11. d4 Nce4 12. 0-0 Qb6 13. Qe2 Ng4 14. Nc3 Ngxf2 15. Rxf2 Nxf2 16. Qxf2 Bb4 17. Ne5 f6 18. Ng4 Qc7 19. Qe2 a6 20. d5 exd5 21. Nxd5 Qxc4 22. Qxc4 Bxg4 23. Nxb4+ Kh8 24. Qxg4 a5 25. Nd5 Rad8 26. Nf4 Rf7 27. Bd4 g5 28. Ne6 Ra8 29. Qxg5 1-0